00987nam a22002417a 450000100060000000300080000600500170001400800410003102000180007203500190009004000260010904100080013508200320014324500970017524600660027226000480033830000550038650001520044150400410059360000540063465100420068870000150073077733BD-RjUL20211209083021.0210104s20162013bg c|||| |||| 00| 0 mul d a9789843320056 a(BD-RjUL)77959 aBD-RjULbengcBD-RjUL aeng 223a954.9205092 bPOE 2016 aPoet Of Politics :bthe speech behind the liberation of Bangladesh /ccompiled by G. Mawla  a Father of the nation : bBangabandhu Sheikh Mujibur Rahman  aDhaka :bGreen Publishers (G. Mawla),c2016 a305 pages : billustrations, photos ;c22 x 29 cm. aTranslated into 12 languages, Bangla, English, Hindi, Russian, Arabic, Arabic, French, Chinese, Italian, Japanese, Spanish, Persian, Korean, Urdu  aIncludes bibliographical references. aMujibur Rahman, cSheikh, d1920-1975xBiography. aBangladesh zPolitics and government  aMawla, G.